00835nam a2200229Ia 4500003000900000008004100009020001800050040001600068080001300084100002900097245015100126260003400277300001300311490006400324650002600388650001900414650002800433700003000461942000700491999001700498952009000515IN-BaIIA211028s9999 xx 000 0 eng d a0-12-147550-6 cIIA Library a021bBUS aBusha, Charles H.917619 0aResearch methods in librarianship techniques and interpretationcCharles H. Busha and Stephen P. Harter  aOrlandobAcademic Pressc1980 axii,417p aLibrary and Information Science, Harold Borko and G Edwards aLibrary Science98327 aNASA Thesaurus aResearch Methods917620 aHarter, Stephen P.917621 cBK c10364d10364 00104070aBANbBANcGENd1992-04-24l0o021/ BUSp11274r2021-11-05w1992-04-24yBK